Una modernidad hecha a mano (Record no. 10863)

MARC details
000 -CABECERA
campo de control de longitud fija 01524nam a22003857a 4500
001 - NÚMERO DE CONTROL
campo de control BRCA_9244
003 - IDENTIFICADOR DEL NÚMERO DE CONTROL
campo de control FranzMayer
005 - FECHA Y HORA DE LA ÚLTIMA TRANSACCIÓN
campo de control 20230717125759.0
008 - DATOS DE LONGITUD FIJA--INFORMACIÓN GENERAL
campo de control de longitud fija 230710b |||||||| |||| 00| 0 eng d
020 ## - NÚMERO INTERNACIONAL ESTÁNDAR DEL LIBRO
Número Internacional Estándar del Libro 9786073063609
040 ## - FUENTE DE LA CATALOGACIÓN
Centro/agencia transcriptor MFM
Lengua de catalogación esp
041 ## - CÓDIGO DE LENGUA
Código de lengua del texto/banda sonora o título independiente esp
050 #0 - SIGNATURA TOPOGRÁFICA DE LA BIBLIOTECA DEL CONGRESO
Número de clasificación NK.1396.A76
Número de documento/Ítem U53 2022
110 1# - ENTRADA PRINCIPAL--NOMBRE DE ENTIDAD CORPORATIVA
Nombre de entidad corporativa o nombre de jurisdicción como elemento de entrada UNAM
Unidad subordinada MUAC
9 (RLIN) 28602
240 1# - TÍTULO UNIFORME
Título uniforme Una modernidad hecha a mano: Diseño artesanal en México 1952-2022
Lenguaje de la obra spa, eng
245 0# - MENCIÓN DE TÍTULO
Título Una modernidad hecha a mano
Resto del título Diseño artesanal en México 1952-2022
246 01 - FORMA VARIANTE DE TÍTULO
Título propio/Titulo breve A Handmade Modernism
Resto del título Artesanal Design in Mexico, 1952-2022
260 ## - PUBLICACIÓN, DISTRIBUCIÓN, ETC.
Lugar de publicación, distribución, etc. CDMX, México
Nombre del editor, distribuidor, etc. UNAM
Fecha de publicación, distribución, etc. 2022
300 ## - DESCRIPCIÓN FÍSICA
Extensión 256 p
Otras características físicas Fotografias
Dimensiones 28 cm
500 ## - NOTA GENERAL
Nota general L60/N5
505 0# - NOTA DE CONTENIDO CON FORMATO
Nota de contenido con formato Publicado también como: A Handmade Modernism: Artisanal Design in Meixco, 1952-2022Destinado a: Artistas, diseñadores, historiadores, investigadores, museógrafos Texto en: Español, inglésIncluye índice temáticoIncluye lista de obras
610 1# - PUNTO DE ACCESO ADICIONAL DE MATERIA--NOMBRE DE ENTIDAD CORPORATIVA
Nombre de entidad corporativa o nombre de jurisdicción como elemento de entrada UNAM
Unidad subordinada MUAC
9 (RLIN) 28603
650 10 - PUNTO DE ACCESO ADICIONAL DE MATERIA--TÉRMINO DE MATERIA
Fuente del encabezamiento o término Artes decorativas-México-Historia
651 1# - PUNTO DE ACCESO ADICIONAL DE MATERIA--NOMBRE GEOGRÁFICO
Fuente del encabezamiento o término Arte-México
Nombre geográfico México
Subdivisión cronológica 1952-2022
9 (RLIN) 28604
662 ## - PUNTO DE ACCESO ADICIONAL DE MATERIA--NOMBRE JERÁRQUICO DE LUGAR
Fuente del encabezamiento o término Arte
País o entidad superior México
700 1# - PUNTO DE ACCESO ADICIONAL--NOMBRE DE PERSONA
Código de función/relación Ed.
Nombre de persona Mallet, Ana Elena
9 (RLIN) 28605
700 1# - PUNTO DE ACCESO ADICIONAL--NOMBRE DE PERSONA
Código de función/relación Dis.
Nombre de persona Paoli, Christina
9 (RLIN) 28606
700 1# - PUNTO DE ACCESO ADICIONAL--NOMBRE DE PERSONA
Código de función/relación Ed.
Nombre de persona Medina, Cuauhtémoc
9 (RLIN) 28607
700 1# - PUNTO DE ACCESO ADICIONAL--NOMBRE DE PERSONA
Código de función/relación Ens.
Nombre de persona Dorotinsky, Deborah
9 (RLIN) 28608
700 1# - PUNTO DE ACCESO ADICIONAL--NOMBRE DE PERSONA
Nombre de persona Ens.
Fechas asociadas al nombre F. Rivas, Jorge
9 (RLIN) 28609
700 1# - PUNTO DE ACCESO ADICIONAL--NOMBRE DE PERSONA
Código de función/relación Dir ed
Nombre de persona López Garcia, Vanessa
9 (RLIN) 28610
700 1# - PUNTO DE ACCESO ADICIONAL--NOMBRE DE PERSONA
Código de función/relación tr.
Nombre de persona Fraga, Christopher
9 (RLIN) 28611
710 1# - PUNTO DE ACCESO ADICIONAL--NOMBRE DE ENTIDAD CORPORATIVA
Nombre de entidad corporativa o nombre de jurisdicción como elemento de entrada UNAM
Unidad subordinada MUAC
9 (RLIN) 28602
942 ## - ELEMENTOS DE PUNTO DE ACCESO ADICIONAL (KOHA)
Fuente del sistema de clasificación o colocación Library of Congress Classification
Tipo de ítem Koha Libros
Holdings
Estado de retiro Estado de pérdida Fuente del sistema de clasificación o colocación Estado dañado No para préstamo Código de colección Localización permanente Ubicación/localización actual Fecha de adquisición Fuente de adquisición Total de préstamos Signatura topográfica completa Código de barras Fecha visto por última vez Número de copia Precio válido a partir de Tipo de ítem Koha
El ejemplar forma parte de la colección y puede ser consultado según las políticas vigentes.   Library of Congress Classification     Fondo Contemporáneo Biblioteca del Museo Franz Mayer (Rogerio Casas-Alatriste) Biblioteca del Museo Franz Mayer (Rogerio Casas-Alatriste) 10/07/2023 Donación   2023409236 CONT10038 10/07/2023 1 10/07/2023 Libros